Procesamiento pesquero tecnología sencilla: proyecto: JICA FUNCAP año 1991-1993

Uloženo v:
Podrobná bibliografie
Hlavní autoři: Tozuka, Shunji (Autor), Núñez, Alfonso (Autor)
Korporace: Fundación para la Capacitación del Pescador Artesanal, Chile (Autor), Agencia de Cooperación Internacional del Japón (Autor)
Médium: Kniha
Jazyk:španělština
Vydáno: Concepción JICA-FUNCAP 1993
Témata:
Tagy: Přidat tag
Žádné tagy, Buďte první, kdo vytvoří štítek k tomuto záznamu!

MARC

LEADER 00000nam a2200000 a 4500
001 UCV5460
003 CL-VaPUC
008 930707e19930000CL |||||||||||||||||spa|d
082 0 4 |a 664.941  |b TOZ  |2 21 
100 0 |a Tozuka, Shunji  |e author  |9 299793 
700 0 |a Núñez, Alfonso  |e author  |9 299794 
110 2 |a Fundación para la Capacitación del Pescador Artesanal, Chile  |e author  |9 299795 
710 2 |a Agencia de Cooperación Internacional del Japón  |e author  |9 299796 
245 1 0 |a Procesamiento pesquero tecnología sencilla: proyecto: JICA FUNCAP año 1991-1993 
300 |a 69 p 
942 |c BK 
945 |d 19930707 00:00:00 
260 |a Concepción  |b JICA-FUNCAP  |c 1993 
650 7 |a CONSERVACION DE PRODUCTOS PESQUEROS  |2 CL-VaPUC  |9 259520 
650 7 |a PRODUCTOS PESQUEROS  |2 CL-VaPUC  |9 259452 
650 7 |a PESCADO AHUMADO  |2 CL-VaPUC  |9 262275 
650 7 |a PESCADO DESHIDRATADO  |2 CL-VaPUC  |9 262276 
650 7 |a PESCADO SALADO  |2 CL-VaPUC  |9 262277 
583 |a last modification  |c 19930707 00:00:00  |k Rodrigo Vera 
999 |c 211985  |d 211983 
952 |0 0  |1 0  |4 0  |6 664_941000000000000_TOZ_1993  |7 0  |8 A  |9 192258  |a BIBALI  |b BIBALI  |c RES  |d 2019-11-14  |i 2596180  |o 664.941 TOZ 1993  |p 2596180  |r 2025-01-20  |w 2019-11-14  |y BK_R  |k ALI 
952 |0 0  |1 0  |4 0  |6 664_941000000000000_TOZ_1993  |7 0  |8 A  |9 192259  |a BIBALI  |b BIBALI  |c RES  |d 2019-11-14  |i 1964461  |o 664.941 TOZ 1993  |p 1964461  |r 2025-01-20  |w 2019-11-14  |y BK_R  |k ALI